00848 2200229 4500001002100000005001500021035002000036007000300056008004100059020002200100082000800122084001400130100007800144245011600222250002000338260008100358300005800439650001600497700002300513700004600536856003600582INLIS00000000114045420220127014744 a0010-0122005651ta220127 g 0 ind  a978-979-3764-22-1 a625 a625 TIM m0 aTim Pengembangan Buku: Rianingsih Djohani, Dwi joko Widyanto, Riza Irfani1 aMengelolah Program Informobilisasi /cTim Pengembangan Buku: Rianingsih Djohani, Dwi joko Widyanto, Riza Irfani acetakan pertama aUNDP Jakarta :bTim Partnership For e-Prosperity for The poor (Pe-PP),c2007 axxxiii, 335 halaman :bilustrasi ;c18.5 x 24 cme... 4aPengelolaan0 aIlustratir: Wahono0 aCover & Reka Letak: Prawoto Setra, Shindu aperpustakaan umum kota makassar